V krajine ohňa a ľadu

Stručné geograficko-hospodárska charakteristika Islandu. Cestovný ruch ako pilier ekonomiky na Islande. Výstavba kúpeľných zariadení. Tradičné odvetvia na Islande.

Uložené v:
Podrobná bibliografia
Hlavný autor: Eliašová, Darina
Médium: Kapitola
Jazyk:Slovak
Predmet:
Tagy: Pridať tag
Žiadne tagy, Buďte prvý, kto otaguje tento záznam!

MARC

LEADER 00000naa$a2200000$$$4500
001 0248051
005 20240502073951.7
041 0 |a slo 
044 |a SK 
245 1 0 |a V krajine ohňa a ľadu  |c Darina Eliašová 
520 |a Stručné geograficko-hospodárska charakteristika Islandu. Cestovný ruch ako pilier ekonomiky na Islande. Výstavba kúpeľných zariadení. Tradičné odvetvia na Islande. 
610 2 0 |a ruch cestovný 
610 2 0 |a Island 
610 2 0 |a situácia hospodárska 
610 2 0 |a geografia 
100 1 |a Eliašová, Darina